000 01036nam a2200265 i 4500
001 13505
003 ES-MaACL
005 20230906150610.0
007 t|
008 980423s1992 sp a |||| | spa d
020 _a84-604-2797-8
080 _a792(460.27M.)"16/19"(064.3)
245 0 0 _aCuatro siglos de teatro en Madrid
_b: Museo Municipal, Teatro Albeniz, Teatro Español, Teatro María Guerrero, mayo-junio 1992.
260 _a[Rivas-Vaciamadrid] :
_bAPSEL,
_cD.L. 1992.
300 _a568 p. :
_bil. col. y n. ;
_c28 cm.
500 _aExposición promovida por el Consorcio para la Organización de Madrid Capital Europea de la Cultura 1992.
500 _aÍndices.
504 _aBibliografía: p. 453-475.
650 1 4 _aTeatro-
_zMadrid-
_vHistoria-
_vExposiciones.
_9170058
655 7 _2tgfbne
_9193628
_aCatálogos de exposiciones
710 2 _aConsorcio para la Organización de Madrid Capital Europea de la Cultura 1992.
_93260
852 _aES-MaACL
_jL-20835
942 _2udc
999 _c13505
_d13505